Metro - Welt - Statistiken

Allgemein
  • Dieses Quiz wurde 105 mal gespielt
  • Das Durchschnittsergebnis liegt bei 6 aus 15
Antwortstatistiken
Hint Antwort % Korrekt
394 km Subway / New York / USA
88%
402 km Underground / London / Vereinigtes Königreich
83%
465 km Metro Moskau / Moskau / Russland
82%
815 km U-Bahn Peking / Peking / China
80%
802 km U-Bahn Shanghai / Shanghai / China
70%
342 km U-Bahn Seoul / Seoul / Südkorea
47%
650 km U-Bahn Guangzhou / Guangzhou / China
38%
486 km U-Bahn Wuhan / Wuhan / China
38%
555 km Shenzhen Metro / Shenzhen / China
27%
343 km U-Bahn Delhi / Delhi / Indien
25%
560 km U-Bahn Chengdu / Chengdu / China
15%
520 km Rail Transit / Chongqing / China
10%
560 km Hangzhou Metro / Hangzhou / China
7%
505 km U-Bahn Nanjing / Nanjing / China
7%
344 km U-Bahn Zhengzhou / Zhengzhou / China
2%
Keine übereinstimmenden Quizze gefunden
Verteilung der Resultate
Anzahl Personen mit jedem Resultat
Perzentil nach korrekt beantworteten Fragen
Ihre Resultats-Entwicklung
Sie haben dieses Quiz noch nicht gespielt